Filme Zitaten zuordnen - Statistiken

Allgemein
  • Dieses Quiz wurde 131 mal gespielt
  • Das Durchschnittsergebnis liegt bei 8 aus 15
Antwortstatistiken
Hint Antwort % Korrekt
„Möge die Macht mit dir sein.“ Star Wars
95%
„Das Leben ist wie eine Schachtel Pralinen“ Forrest Gump
89%
„Ich bin der König der Welt!“ Titanic
82%
„Ich werde ihm ein Angebot machen, das er nicht ablehnen kann.“ Der Pate
65%
„O Captain, mein Captain“ Club der toten Dichter
60%
„Ich sehe tote Menschen.“ The sixth Sense
57%
„Ich liebe den Geruch von Napalm am Morgen.“ Apocalypse Now
54%
„Hier ist Johnny!“ The Shining
46%
„Quid pro quo, Clarice.“ Das Schweigen der Lämmer
43%
„Es ist nicht wer du im Untergrund bist, sondern was du tust, das dich definiert.“ Batman Begins
41%
„Nicht ganz mein Tempo.“ Whiplash
40%
„Du hast mich zu einer sehr seltsamen Zeit in meinem Leben kennengelernt.“ Fight Club
30%
„Nee, es war was Bescheuertes. Sowas wie Rex.“ Once Upon A Time In Hollywood
24%
„Es ist nicht deine Schuld“ Good Will Hunting
22%
„Ich muss jetzt gehen. Ich habe Termine bei Video-Zentral.“ American Psycho
21%
Keine übereinstimmenden Quizze gefunden
Verteilung der Resultate
Anzahl Personen mit jedem Resultat
Perzentil nach korrekt beantworteten Fragen
Ihre Resultats-Entwicklung
Sie haben dieses Quiz noch nicht gespielt